Roman Mythology for Experts - Statistics

General Stats
  • This quiz has been taken 152 times
  • The average score is 15 of 36
Answer Stats
Hint Answer % Correct
Roman Goddess of Love and Beauty Venus
96%
Roman God of Lightning Jupiter
93%
Roman God of War Mars
85%
Roman God of the Sea Neptune
82%
Roman God of Death and riches Pluto
80%
Roman Goddess of Women, Marriage, and Fertility Juno
78%
Roman God of Fire, Crafts, and Blacksmiths Vulcan
78%
Roman God of Love Cupid
72%
Roman Goddess of Wisdom Minerva
72%
Roman Goddess of Nature and Hunting Diana
71%
Roman Equivalent of Heracles Hercules
68%
Roman Goddess of Agriculture Ceres
67%
Roman God of Profit, Trade, and Commerce Mercury
67%
Roman God of Wine and Revelry Bacchus
63%
Roman God of Agriculture Saturn
45%
Roman Goddess of the Earth Terra
44%
Roman Goddess of Strength, Speed, and Victory Victoria
44%
Roman God of Gates, Doors, and Transitions Janus
43%
Roman Forest God (part man, part goat) faun
42%
Roman Goddess of Fortune and Good Luck Fortuna
40%
Roman Goddess of War Bellona
33%
Sacred Roman She-Wolf Lupa
32%
Roman God of Sleep Somnus
28%
Roman Queen of the Underworld Proserpine
21%
Roman Goddess of Youth Juventas
20%
Roman God of Boundaries and Landmarks Terminus
14%
Roman God of North Wind Aquilo
10%
Roman Goddesses of Vengeance The Furies
9%
Roman God of Medicine and Healing (Not Apollo) Aesculapius
8%
Roman God of the South Wind Auster
7%
Roman Goddess of Day Dies
7%
Roman God of the West Wind Favonius
7%
Roman Goddess of Revenge Invidia
6%
Roman God of Death (Not Pluto) Letus
6%
Roman Goddess of Plenty Pompona
5%
Roman Mountain Gods Numina Montamum
1%
No matching quizzes found
Score Distribution
Percent of People with Each Score
Percentile by Number Answered
Your Score History
You have not taken this quiz